| 000 | 00000nam##2200000za#4500 |
| 001 | 9.579411 |
| 003 | CaOODSP |
| 005 | 20210624190541 |
| 007 | cr ||||||||||| |
| 008 | 150406|1999||||xxc|||||o f|0| 0 eng|d |
| 040 | |aCaOODSP|beng |
| 043 | |an-cn--- |
| 086 | 1 |aEn49-24/1-34E-PDF |
| 110 | 1 |aCanada.|bEnvironment Canada. |bEnvironmental Technology Centre. |
| 245 | 10|aGuidance document on application and interpretation of single-species tests in environmental toxicology |h[electronic resource] |
| 260 | |aOttawa - Ontario : |bEnvironment Canada. |cDecember 1999. |
| 300 | |a226p.|bfigs., glossary, graphs, map, references, tables |
| 490 | 1 |aEnvironmental Protection series. [Reference methods] |vEPS 1/RM/34 |
| 500 | |aThe catalogue number (En49-24/1-34E) and ISBN (0-660-16907-X) for the print edition have been incorrectly copied in this electronic publication. |
| 546 | |a(Résumé en français). |
| 590 | |a14-21-Supp|b2014-12-11 |
| 690 | 07|aEnvironmental sciences|2gcpds |
| 690 | 07|aToxicology|2gcpds |
| 775 | 08|tGuide des essais écotoxicologiques employant une seule espèce et de l'interprétation de leurs résultats |w(CaOODSP)9.606965 |
| 830 | #0|aEnvironmental Protection series. [Reference methods]|vEPS 1/RM/34|w(CaOODSP)9.504905 |
| 856 | 40|ahttp://publications.gc.ca|qPDF|s17.51 MB|uhttps://publications.gc.ca/collections/collection_2014/ec/En49-24-1-34-eng.pdf|yEPS 1/RM/34 |